Trade and Green Policies: Assessing the Impact of Stringent Environmental Regulations in 40 Countries
Salvato in:
| Autore principale: | |
|---|---|
| Altri autori: | |
| Natura: | Capitolo di libro |
| Lingua: | inglese |
| Soggetti: | |
| Tags: |
Nessun Tag, puoi essere il primo ad aggiungerne!!
|
MARC
| LEADER | 00000naa$a2200000$$$4500 | ||
|---|---|---|---|
| 001 | 0306261 | ||
| 005 | 20250116142259.4 | ||
| 041 | 0 | |a eng | |
| 044 | |a TR | ||
| 245 | 1 | 0 | |a Trade and Green Policies: Assessing the Impact of Stringent Environmental Regulations in 40 Countries |c Sára Smolková, Andrea Hrubšová |
| 500 | |a Abstrakt | ||
| 610 | 2 | 0 | |a politika environmentálna |
| 610 | 2 | 0 | |a regulátory hospodárske |
| 610 | 2 | 0 | |a produkt národný hrubý |
| 610 | 2 | 0 | |a priemysel |
| 100 | 1 | |a Smolková, Sára, 1998- | |
| 700 | 1 | |a Hrubšová, Andrea, 1999- | |